00383nam a2200121Ia 4500008004100000082001700041100001900058245005000077260002300127365001100150630005000161730005000211100415s9999 xx 000 0 und d b13187a639.9 aSilver Debbie aThe young person's guide to saving the planet c1990bVIRAGO PRESS b514.28 aThe young person's guide to saving the planet aThe young person's guide to saving the planet